书目信息 |
| 题名: |
电气设备用六氟化硫的检测与监督
|
|
| 作者: | 孟玉婵 , 朱芳菲 编著 | |
| 分册: | ||
| 出版信息: | 北京 中国电力出版社 2009.01 |
|
| 页数: | 160页 | |
| 开本: | 26cm | |
| 丛书名: | ||
| 单 册: | ||
| 中图分类: | TM213 | |
| 科图分类: | ||
| 主题词: | 气体绝缘材料--qi ti jue yuan cai liao--氟化物--检测 | |
| 电子资源: | ||
| ISBN: | 978-7-5083-8027-8 | |
| 000 | 00884nam0 2200253 450 | |
| 001 | 012009546797 | |
| 005 | 20090430113544.04 | |
| 010 | @a978-7-5083-8027-8@dCNY19.00 | |
| 100 | @a20090430d2009 em y0chi0120 ea | |
| 101 | 0 | @achi |
| 102 | @aCN@b110000 | |
| 105 | @aa a 000yy | |
| 106 | @ar | |
| 200 | 1 | @a电气设备用六氟化硫的检测与监督@Adian qi she bei yong liu fu hua liu de jian ce yu jian du@f孟玉婵, 朱芳菲@Fmeng yu chan,zhu fang fei |
| 210 | @a北京@c中国电力出版社@d2009.01 | |
| 215 | @a160页@c图@d26cm | |
| 320 | @a有书目 (第160页) | |
| 330 | @a本书内容包括:六氟化硫气体实验室检测技术和六氟化硫电气设备现场检测技术两部分。 | |
| 606 | 0 | @a气体绝缘材料@Aqi ti jue yuan cai liao@x氟化物@x检测 |
| 690 | @aTM213@v4 | |
| 701 | 0 | @a孟玉婵@Ameng yu chan@4编著 |
| 701 | 0 | @a朱芳菲@Azhu fang fei@4编著 |
| 801 | 0 | @aCN@bQSSK@c20090430 |
| 905 | @b740837-39@dTM213@eM625@f3 | |
| 电气设备用六氟化硫的检测与监督/孟玉婵, 朱芳菲.-北京:中国电力出版社,2009.01 |
| 160页:图;26cm |
| ISBN 978-7-5083-8027-8:CNY19.00 |
| 本书内容包括:六氟化硫气体实验室检测技术和六氟化硫电气设备现场检测技术两部分。 |
| ● |
| 相关链接 |
|
|
|
正题名:电气设备用六氟化硫的检测与监督
索取号:TM213/M625
 
预约/预借
| 序号 | 登录号 | 条形码 | 馆藏地/架位号 | 状态 | 备注 |
| 1 | 740837 | 207408376 | 自科库301/301自科库 9排4列5层/ [索取号:TM213/M625] | 在馆 | |
| 2 | 740838 | 207408385 | 自科库301/301自科库 9排4列5层/ [索取号:TM213/M625] | 在馆 | |
| 3 | 740839 | 207408394 | 自科库301/301自科库 10排3列1层/ [索取号:TM213/M625] | 在馆 |